[Event "Taastrup Quick Weekend-E 14th"]
[Site "Taastrup"]
[Date "2011.10.01"]
[Round "2"]
[White "Jacobsen, Hauge"]
[Black "Borregaard, Katinka Holmboe"]
[Result "0-1"]
[WhiteElo "1017"]
[BlackElo "1062"]
[PlyCount "86"]
[EventDate "2011.09.30"]
[EventType "swiss"]
[EventRounds "5"]
[EventCountry "DEN"]
[SourceTitle "EXT 2023"]
[Source "ChessBase"]
[SourceDate "2022.10.05"]
[SourceVersion "1"]
[SourceVersionDate "2022.10.05"]
[SourceQuality "1"]

1. d4 d5 2. Bf4 Nc6 3. Nf3 Nf6 4. e3 Bf5 5. Bd3 e6 6. 0-0 Bd6 7. Nbd2 0-0 8. c4 Nb4 9. Bxf5 exf5 10. Qb3 dxc4 11. Nxc4 Bxf4 12. exf4 Nc6 13. Qxb7 Nxd4 14. Rad1 Nxf3+ 15. gxf3 Qb8 16. Qxb8 Raxb8 17. b3 Rb4 18. Rd2 h6 19. Rfd1 Rb5 20. Ne5 a5 21. Rd8 Rb8 22. Rxf8+ Rxf8 23. Nc4 Re8 24. Nxa5 Re2 25. Ra1 Nh5 26. a4 Nxf4 27. Kf1 c5 28. Nc4 Re7 29. a5 Nd3 30. a6 Ra7 31. Nb6 Nb4 32. Nc4 Rxa6 33. Rxa6 Nxa6 34. Ke2 Nb4 35. Ke3 g5 36. f4 f6 37. fxg5 fxg5 38. f4 Kf7 39. Ne5+ Ke6 40. Kf3 gxf4 41. Kxf4 Nd5+ 42. Kg3 Kxe5 43. Kh4 Kd4 0-1